| 000 | 01500cam a22004337a 4500 | ||
|---|---|---|---|
| 003 | CHAP | ||
| 005 | 20240523120117.0 | ||
| 008 | 050215d2003 it rn 00110 eng d | ||
| 010 | _a89578 | ||
| 011 | _a90550 | ||
| 020 | _a9251049998 | ||
| 035 | _a101106 | ||
| 040 | _cCHAP | ||
| 082 | 0 | 4 |
_a639.2 _bF3 v. 449 |
| 110 | 2 | _aFAO | |
| 245 | 1 | 0 |
_aGeographic information systems in fisheries management and planning : _btechnical manual _c/by Gertjan de Graaf (and others) |
| 260 |
_aRome : _bFAO, _c2003. |
||
| 300 |
_a162 p. : _bilus. ; gráfs. + 2 discos compactos de 4 3/4 plgs. |
||
| 410 | 0 | 0 | _aFAO |
| 490 | 0 |
_aDocumento técnico de pesca _v; 449 |
|
| 590 |
_aBATCH-UPD _b10 _c20130110 |
||
| 590 |
_aBATCH-UPD _b10 _c20130410 |
||
| 590 |
_aBATCH-UPD _b10 _c20130914 |
||
| 590 |
_aCONVERSION _b10 _c20130109 |
||
| 650 | 1 | 4 |
_aPesquería _xAdministración. _987497 |
| 650 | 1 | 4 |
_aProcesamiento automático de datos en pesca. _991804 |
| 650 | 1 | 4 |
_aSensores remotos. _9104427 |
| 650 | 1 | 4 | _aSistemas de Información Geográfica. |
| 700 | 0 |
_aGraaf, Gertjan de. _950148 |
|
| 700 | 0 |
_aJenness, Jeff. _961337 |
|
| 810 | 0 | _aFAO | |
| 830 | 0 | 0 |
_aDocumento técnico de pesca _v; 449 _933242 |
| 901 | _aBK | ||
| 905 | _aAlejandra Carrasco M. | ||
| 942 |
_cLIBRO _2ddc |
||
| 949 |
_a639.2 F3 v.449 _bBC _cCD _d33724002027446 _eFAO2 _fCD1 _i101106 _sb |
||
| 949 |
_a639.2 F3 v.449 _bBC _cCD _d33724002027488 _eFAO2 _fCD2 _i101106 _sb |
||
| 949 |
_a639.2 F3 v.449 _bBC _cFAO _d33724000795688 _eFAO1 _h104946 _i101106 _sb |
||
| 999 |
_c89578 _d89578 |
||